[Event "Portugal Open 2018"]
[Site "Lisboa POR"]
[Date "2018.02.04"]
[Round "4.63"]
[White "Silva, Pedro Gil"]
[Black "Kersten, Julian"]
[Result "1-0"]
[WhiteElo "1766"]
[BlackElo "2032"]
[WhiteFideId "1946102"]
[BlackFideId "1628542"]
[WhiteCountry "POR"]
[BlackCountry "AUT"]
[PlyCount "79"]
[EventDate "2018.??.??"]

1. e4 e6 2. d4 d5 3. Nc3 Nf6 4. e5 Nfd7 5. f4 c5 6. Nf3 Nc6 7. Be3 Qb6 8. Qd2
Qxb2 9. Rb1 Qa3 10. Nb5 Qxa2 11. Rd1 Rb8 12. dxc5 Nxc5 13. Nc7+ Kd8 14. Nxd5
exd5 15. Bxc5 Bxc5 16. Qxd5+ Qxd5 17. Rxd5+ Ke7 18. Rxc5 Bf5 19. Bb5 Rhc8 20.
Bxc6 Rxc6 21. Rxc6 bxc6 22. Kd2 Be4 23. Ra1 Rb7 24. Ra3 Bxf3 25. Rxf3 Ke6 26.
Ra3 Kf5 27. Ke3 h5 28. Ra6 Rc7 29. Kf3 c5 30. g3 Rb7 31. h3 Rb6 32. Rxa7 Ke6 33.
Rc7 Rb5 34. g4 hxg4+ 35. hxg4 g6 36. c4 Ra5 37. Ke4 f5+ 38. exf6 Kxf6 39. g5+
Ke6 40. Rg7 1-0

[Event "Portugal Open 2018"]
[Site "Lisboa POR"]
[Date "2018.02.04"]
[Round "4.64"]
[White "Blum, Gernot"]
[Black "Arroyo Figuero, Fernando"]
[Result "1-0"]
[WhiteElo "2028"]
[BlackElo "1783"]
[WhiteFideId "4602030"]
[BlackFideId "22218769"]
[WhiteCountry "GER"]
[BlackCountry "ESP"]
[PlyCount "49"]
[EventDate "2018.??.??"]

1. c4 Nf6 2. Nc3 e6 3. e4 d5 4. e5 d4 5. exf6 dxc3 6. fxg7 cxd2+ 7. Bxd2 Bxg7 8.
Qc2 Bd7 9. Bc3 Qg5 10. Nf3 Qh6 11. Bd3 Nc6 12. O-O O-O-O 13. Rfe1 f5 14. b4 Rhg8
15. b5 Bxc3 16. Qxc3 Ne7 17. Qa3 Qh3 18. g3 c5 19. Qxc5+ Nc6 20. bxc6 Bxc6 21.
Bf1 Qh5 22. Ne5 f4 23. Bg2 fxg3 24. hxg3 Rd6 25. Qxd6 1-0

[Event "Portugal Open 2018"]
[Site "Lisboa POR"]
[Date "2018.02.04"]
[Round "4.65"]
[White "Dias, António"]
[Black "Cabello Aguilar, Enrique"]
[Result "0-1"]
[WhiteElo "1707"]
[BlackElo "2015"]
[WhiteFideId "1928040"]
[BlackFideId "2231115"]
[WhiteCountry "POR"]
[BlackCountry "ESP"]
[PlyCount "94"]
[EventDate "2018.??.??"]

1. d4 Nf6 2. Nc3 d5 3. Bg5 Bf5 4. f3 Nbd7 5. e3 h6 6. Bh4 c6 7. Bd3 Bxd3 8. Qxd3
e6 9. Nge2 Be7 10. e4 O-O 11. e5 Nh7 12. Bxe7 Qxe7 13. h4 f6 14. f4 fxe5 15.
dxe5 b5 16. O-O-O Nc5 17. Qg6 b4 18. Nb1 Ne4 19. Rdf1 c5 20. Nd2 Nxd2 21. Kxd2
Qf7 22. h5 Rfe8 23. b3 Qxg6 24. hxg6 Nf8 25. Rh4 Nxg6 26. Rg4 Kh7 27. Rf3 Ne7
28. Rh4 Rf8 29. g4 Ng6 30. Rhh3 Kg8 31. Rhg3 Rf7 32. f5 exf5 33. e6 Rf6 34. gxf5
Nh4 35. Rf4 Nxf5 36. Rgf3 Nd6 37. e7 Re8 38. Rxf6 Ne4+ 39. Kd3 Nxf6 40. Re3 Kf7
41. c4 bxc3 42. Ng3 d4 43. Re2 Rxe7 44. Rxe7+ Kxe7 45. Nf5+ Kf8 46. a4 h5 47. a5
Nd5 0-1

[Event "Portugal Open 2018"]
[Site "Lisboa POR"]
[Date "2018.02.04"]
[Round "4.66"]
[White "Craciun, Ion"]
[Black "Billot, Daniel"]
[Result "1-0"]
[WhiteElo "1974"]
[BlackElo "1710"]
[WhiteFideId "13902440"]
[BlackFideId "618004"]
[WhiteCountry "POR"]
[BlackCountry "FRA"]
[PlyCount "43"]
[EventDate "2018.??.??"]

1. d4 Nf6 2. c4 c5 3. d5 b5 4. cxb5 a6 5. bxa6 Bxa6 6. Nc3 g6 7. f4 Bg7 8. Nf3
Qa5 9. Bd2 d6 10. e4 Bxf1 11. Rxf1 Qb4 12. a3 Qxb2 13. Rb1 Qxa3 14. Nb5 Qd3 15.
Nc7+ Kd7 16. Nxa8 Qxe4+ 17. Kf2 Ng4+ 18. Kg1 Bd4+ 19. Nxd4 Qxd4+ 20. Kh1 Nf2+
21. Rxf2 Qxf2 22. Qa4+ 1-0

[Event "Portugal Open 2018"]
[Site "Lisboa POR"]
[Date "2018.02.04"]
[Round "4.67"]
[White "Pérez Bolanos, Joel"]
[Black "Pelaez Murias, Eduardo"]
[Result "0-1"]
[WhiteElo "1628"]
[BlackElo "1961"]
[WhiteFideId "24564419"]
[BlackFideId "22279709"]
[WhiteCountry "ESP"]
[BlackCountry "ESP"]
[PlyCount "56"]
[EventDate "2018.??.??"]

1. e4 e6 2. d4 d5 3. Nc3 Nf6 4. e5 Nfd7 5. f4 c5 6. Nf3 Nc6 7. Be3 Be7 8. Be2
O-O 9. O-O b6 10. Qd2 f5 11. g3 cxd4 12. Nxd4 Nxd4 13. Bxd4 Nc5 14. Bf3 Ba6 15.
Rfe1 Ne4 16. Bxe4 fxe4 17. Nd1 g5 18. Ne3 gxf4 19. gxf4 Rxf4 20. Nxd5 Rg4+ 21.
Kh1 Qxd5 22. Qe3 Bg5 23. Rg1 Bxe3 24. Rxg4+ Kh8 25. Bxe3 Be2 26. Rg3 Bf3+ 27.
Kg1 Rg8 28. Bg5 Qxe5 0-1

[Event "Portugal Open 2018"]
[Site "Lisboa POR"]
[Date "2018.02.04"]
[Round "4.68"]
[White "Antunes, André"]
[Black "Silva, Flávio"]
[Result "0-1"]
[WhiteElo "1459"]
[BlackElo "1952"]
[WhiteFideId "1936328"]
[BlackFideId "1903691"]
[WhiteCountry "POR"]
[BlackCountry "POR"]
[PlyCount "42"]
[EventDate "2018.??.??"]

1. b3 Nf6 2. f4 g6 3. Bb2 Bg7 4. e4 d6 5. Nf3 O-O 6. d3 c5 7. g3 Nc6 8. Bg2 e5
9. fxe5 Ng4 10. Qe2 Ngxe5 11. Nc3 Bg4 12. Qf2 Nxf3+ 13. Bxf3 Bd4 14. Qe2 Qf6 15.
Bxg4 Bxc3+ 16. Bxc3 Qxc3+ 17. Kf2 Nd4 18. Qd1 Nxc2 19. Rc1 Qd4+ 20. Ke2 Ne3 21.
Rc4 Nxd1 0-1

[Event "Portugal Open 2018"]
[Site "Lisboa POR"]
[Date "2018.02.04"]
[Round "4.69"]
[White "Marques, Afonso"]
[Black "Vanden Bussche, Steven"]
[Result "0-1"]
[WhiteElo "1399"]
[BlackElo "1940"]
[WhiteFideId "1947184"]
[BlackFideId "228699"]
[WhiteCountry "POR"]
[BlackCountry "BEL"]
[PlyCount "84"]
[EventDate "2018.??.??"]

1. e4 c6 2. d4 d5 3. Nd2 dxe4 4. Nxe4 Bf5 5. Ng3 Bg6 6. Nf3 Nd7 7. Bc4 e6 8. O-O
Ngf6 9. Re1 Be7 10. c3 O-O 11. Qb3 b5 12. Bxe6 fxe6 13. Qxe6+ Rf7 14. Ng5 Qb6
15. Nxf7 Bxf7 16. Qh3 Bf8 17. Bd2 b4 18. Rad1 Bxa2 19. Qf5 Bd5 20. Nh5 a5 21.
Nf4 Bb3 22. Rc1 bxc3 23. Bxc3 Qb5 24. Qh3 Bd6 25. Nd3 Nf8 26. Ne5 Bd5 27. Qh4 a4
28. Re3 Ra7 29. Rh3 Qe2 30. Re1 Qc2 31. Rhe3 Rb7 32. R1e2 Qf5 33. Rh3 Ng6 34.
Nxg6 Qxg6 35. f3 Qd3 36. Qe1 a3 37. Re3 Qc2 38. Re2 Qg6 39. b4 a2 40. Rb2 Ra7
41. Qa1 Ra3 42. Bd2 Qd3 0-1

[Event "Portugal Open 2018"]
[Site "Lisboa POR"]
[Date "2018.02.04"]
[Round "4.70"]
[White "Santos, José Alves"]
[Black "Lages, Duarte"]
[Result "1-0"]
[WhiteElo "2150"]
[BlackElo "1569"]
[WhiteFideId "1900366"]
[BlackFideId "2161680"]
[WhiteTitle "NM"]
[WhiteCountry "POR"]
[BlackCountry "BRA"]
[PlyCount "31"]
[EventDate "2018.??.??"]

1. e4 c5 2. Nf3 Nc6 3. c3 d5 4. exd5 Qxd5 5. d4 Bg4 6. dxc5 Qxc5 7. Be3 Qa5 8.
Nbd2 Rd8 9. Qb3 Qc7 10. Bb5 e5 11. Bxa7 Bd7 12. Bxc6 Bxc6 13. Bb6 Qb8 14. Bxd8
Qxd8 15. Nxe5 Qe7 16. O-O-O 1-0

[Event "Portugal Open 2018"]
[Site "Lisboa POR"]
[Date "2018.02.04"]
[Round "4.71"]
[White "Cardoso, Miguel"]
[Black "Corbalan Gomez, Juan Jose"]
[Result "0-1"]
[WhiteElo "1832"]
[BlackElo "2245"]
[WhiteFideId "1904280"]
[BlackFideId "2260492"]
[WhiteCountry "POR"]
[PlyCount "80"]
[EventDate "2018.??.??"]

1. e4 c5 2. Nf3 Nc6 3. d4 cxd4 4. Nxd4 g6 5. Nc3 Bg7 6. Be3 Nf6 7. Be2 O-O 8.
Qd2 d6 9. f3 d5 10. O-O-O Nxd4 11. Bxd4 dxe4 12. Nxe4 Nxe4 13. fxe4 Bxd4 14.
Qxd4 Qa5 15. Kb1 Be6 16. b3 Qc7 17. Kb2 Rac8 18. Bd3 a5 19. c4 Rfd8 20. Qc3 b5
21. a3 bxc4 22. Bxc4 Rxd1 23. Rxd1 Qxh2 24. Qxa5 Qxg2+ 25. Rd2 Qxe4 26. Rd8+ Kg7
27. Qc3+ f6 28. Rxc8 Bxc8 29. a4 h5 30. Qa5 Qd4+ 31. Ka2 Bb7 32. Qc7 Qe4 33. Bd3
Qb4 34. Bc4 Be4 35. Qd8 h4 36. a5 Qd6 37. Qg8+ Kh6 38. a6 Kg5 39. Qc8 Bg2 40.
Bf7 h3 0-1

[Event "Portugal Open 2018"]
[Site "Lisboa POR"]
[Date "2018.02.04"]
[Round "4.72"]
[White "Ribeiro, Bruno Rafael"]
[Black "Boucquet, Emile"]
[Result "0-1"]
[WhiteElo "1831"]
[BlackElo "2183"]
[WhiteFideId "1908081"]
[BlackFideId "233161"]
[WhiteCountry "POR"]
[BlackCountry "BEL"]
[PlyCount "62"]
[EventDate "2018.??.??"]

1. e4 c5 2. Nc3 e6 3. g3 d5 4. d3 Nc6 5. Bg2 Nf6 6. Nh3 d4 7. Ne2 b6 8. O-O Bb7
9. Kh1 Qc7 10. f4 O-O-O 11. f5 e5 12. Neg1 Kb8 13. a3 c4 14. Qe2 cxd3 15. cxd3
Na5 16. b4 Nb3 17. Rb1 Nxc1 18. Rfxc1 Qd7 19. Nf3 Bd6 20. Nd2 Ba6 21. Nc4 Rc8
22. Ng5 Rc7 23. Bf3 Rhc8 24. Qd2 Bxc4 25. dxc4 h6 26. c5 hxg5 27. cxd6 Rxc1+ 28.
Rxc1 Rxc1+ 29. Qxc1 g4 30. Be2 Nxe4 31. Bxg4 Nf2+ 0-1

[Event "Portugal Open 2018"]
[Site "Lisboa POR"]
[Date "2018.02.04"]
[Round "4.73"]
[White "Baumgartner, Christopher"]
[Black "Costa, João Guerra"]
[Result "0-1"]
[WhiteElo "1809"]
[BlackElo "2130"]
[WhiteFideId "2022087"]
[BlackFideId "1901737"]
[WhiteCountry "USA"]
[BlackCountry "POR"]
[PlyCount "66"]
[EventDate "2018.??.??"]

1. e4 e5 2. f4 Bc5 3. Nf3 d6 4. c3 Bg4 5. d4 exd4 6. cxd4 Bxf3 7. gxf3 Qh4+ 8.
Ke2 Bb6 9. Be3 Ne7 10. Nd2 Ng6 11. f5 Nf4+ 12. Bxf4 Qxf4 13. Nc4 Nc6 14. Nxb6
axb6 15. Kf2 O-O 16. Bb5 Ne7 17. h4 d5 18. Qc1 Qd6 19. e5 Qb4 20. f6 Nf5 21. Qf4
g6 22. Be2 Qxb2 23. h5 Qxd4+ 24. Qxd4 Nxd4 25. hxg6 fxg6 26. Rh2 Ra3 27. Rah1 h5
28. Rg2 Kf7 29. Rhg1 Rxa2 30. Ke3 Ne6 31. f4 Ra3+ 32. Kf2 Nxf4 33. Rh2 Nxe2 0-1

[Event "Portugal Open 2018"]
[Site "Lisboa POR"]
[Date "2018.02.04"]
[Round "4.74"]
[White "Guerreiro, Paulo"]
[Black "Guerreiro, Nuno"]
[Result "0-1"]
[WhiteElo "1796"]
[BlackElo "2079"]
[WhiteFideId "1902105"]
[BlackFideId "1903012"]
[WhiteCountry "POR"]
[BlackCountry "POR"]
[PlyCount "110"]
[EventDate "2018.??.??"]

1. c4 e5 2. g3 Nf6 3. Nc3 Nc6 4. Bg2 Bc5 5. d3 O-O 6. e3 Re8 7. Nge2 d6 8. O-O
a6 9. a3 Ne7 10. b4 Ba7 11. Rb1 c6 12. a4 Bf5 13. b5 axb5 14. axb5 d5 15. bxc6
bxc6 16. cxd5 cxd5 17. e4 Be6 18. exd5 Nfxd5 19. Bb2 Rc8 20. Qa4 Bb8 21. d4 Nb6
22. Qd1 Bc4 23. dxe5 Bxe5 24. Qxd8 Rcxd8 25. Rfe1 Bd3 26. Rbc1 Nc4 27. Ba1 h6
28. Be4 Nd2 29. Bg2 Nb3 30. Rcd1 Nxa1 31. Rxa1 Bxe2 32. Nxe2 Bxa1 33. Rxa1 Rd2
34. Nc3 Rc8 35. Ne4 Rdc2 36. h3 f5 37. Nd6 Rc1+ 38. Rxc1 Rxc1+ 39. Bf1 g6 40.
Kg2 Kg7 41. Nc4 Kf6 42. Ne3 Ke5 43. h4 Kd4 44. Bb5 Rb1 45. Bc4 Rb2 46. Ba6 Ke4
47. Bc4 f4 48. gxf4 Kxf4 49. Bf7 Rd2 50. Be8 Ra2 51. Bf7 Ra4 52. Be8 Re4 53. Bd7
Rd4 54. Be8 Nf5 55. Bxg6 Nxh4+ 0-1

[Event "Portugal Open 2018"]
[Site "Lisboa POR"]
[Date "2018.02.04"]
[Round "4.75"]
[White "Plasil, Petr"]
[Black "Elias, Rúben"]
[Result "1-0"]
[WhiteElo "2042"]
[BlackElo "1836"]
[WhiteFideId "359360"]
[BlackFideId "1906453"]
[WhiteCountry "CZE"]
[BlackCountry "POR"]
[PlyCount "113"]
[EventDate "2018.??.??"]

1. d4 d5 2. c4 e6 3. Nc3 Nf6 4. cxd5 exd5 5. Bg5 Be7 6. e3 O-O 7. Qc2 c6 8. Bd3
Nbd7 9. Nge2 Re8 10. O-O Nf8 11. Rab1 a5 12. a3 b5 13. b4 axb4 14. axb4 Bb7 15.
Ng3 N6d7 16. Bxe7 Qxe7 17. Nf5 Qf6 18. Ne2 Nb6 19. Ra1 Nc4 20. Nfg3 g6 21. e4
Ne6 22. e5 Qe7 23. Qc3 f5 24. f4 Qf8 25. Bc2 Rxa1 26. Rxa1 Ra8 27. Rxa8 Qxa8 28.
Nf1 Qa7 29. Nd2 Kf8 30. h3 Bc8 31. Nb3 Qa3 32. g3 Bd7 33. Kf2 Ke7 34. Kg2 Qa4
35. g4 fxg4 36. hxg4 Qa2 37. Kf2 Na3 38. Na1 Nc4 39. Nc1 Qa7 40. Ne2 Qa2 41. f5
gxf5 42. gxf5 Ng5 43. f6+ Kf7 44. Nb3 Na3 45. Bxh7 Nxh7 46. Qg3 Nxf6 47. exf6
Kxf6 48. Qd6+ Be6 49. Nc5 Nc4 50. Qxe6+ Kg7 51. Qd7+ Kf6 52. Qxc6+ Ke7 53. Qe6+
Kf8 54. Nd7+ Kg7 55. Qf6+ Kh7 56. Qg5 Qa8 57. Nf6+ 1-0

[Event "Portugal Open 2018"]
[Site "Lisboa POR"]
[Date "2018.02.04"]
[Round "4.76"]
[White "Pipiras, Filipa"]
[Black "Mendes, Modeste"]
[Result "0-1"]
[WhiteElo "1771"]
[BlackElo "2039"]
[WhiteFideId "1944894"]
[BlackFideId "1925920"]
[WhiteCountry "POR"]
[BlackCountry "POR"]
[PlyCount "134"]
[EventDate "2018.??.??"]

1. d4 Nf6 2. c4 d5 3. cxd5 Nxd5 4. e4 Nf6 5. Nc3 e6 6. Nf3 Be7 7. Bd3 Nbd7 8.
O-O O-O 9. Qc2 h6 10. e5 Ne8 11. Qe2 c5 12. Qe4 f5 13. exf6 Ndxf6 14. Qe2 cxd4
15. Nb5 Bc5 16. Rd1 Qe7 17. Nbxd4 e5 18. Qxe5 Qxe5 19. Nxe5 Bg4 20. Ndf3 Bxf3
21. Nxf3 Nd6 22. Bf4 Nde4 23. Bxe4 Nxe4 24. Bg3 g5 25. Nd4 Rad8 26. Ne6 Rxd1+
27. Rxd1 Nxf2 28. Bxf2 Bxf2+ 29. Kh1 Rf6 30. Nd8 b5 31. Nb7 Bb6 32. Nd6 Rf2 33.
Nxb5 Rxb2 34. a4 Ra2 35. Nc3 Ra3 36. Nd5 Bc5 37. g3 Rxa4 38. Rc1 Ra5 39. Nf6+
Kg7 40. Ne4 Bd4 41. Nd6 Ra1 42. Rxa1 Bxa1 43. Kg2 Kf6 44. Nc4 Ke6 45. Kf3 Kd5
46. Nd2 a5 47. h4 a4 48. Nb1 Kc4 49. Kg4 Bf6 50. Kh5 gxh4 51. gxh4 Be7 52. Kxh6
Bxh4 53. Kh5 Be1 54. Na3+ Kb3 55. Nb5 Kb4 56. Nd4 Bc3 57. Ne2 a3 58. Nc1 Bd2 59.
Ne2 Kc4 60. Kg4 a2 61. Kf3 a1=Q 62. Ng3 Kd3 63. Kg2 Bf4 64. Nf1 Ke2 65. Kh3
Qxf1+ 66. Kh4 Qg2 67. Kh5 Qg5# 0-1

[Event "Portugal Open 2018"]
[Site "Lisboa POR"]
[Date "2018.02.04"]
[Round "4.77"]
[White "Andias, João"]
[Black "Barros, Luís"]
[Result "1-0"]
[WhiteElo "2015"]
[BlackElo "1831"]
[WhiteFideId "1900862"]
[BlackFideId "23600110"]
[WhiteCountry "POR"]
[BlackCountry "CPV"]
[PlyCount "45"]
[EventDate "2018.??.??"]

1. e4 c6 2. Nf3 d5 3. Nc3 dxe4 4. Nxe4 Bf5 5. Ng3 Bg6 6. h4 h5 7. Ne5 Bh7 8.
Qxh5 Nh6 9. Bc4 g6 10. Qf3 e6 11. d4 Qxd4 12. Qf6 Bb4+ 13. c3 Bxc3+ 14. bxc3
Qxc3+ 15. Bd2 Qxa1+ 16. Ke2 Qd4 17. Bxh6 Qb2+ 18. Kf3 Qc3+ 19. Kg4 Qd4+ 20. Kh3
Qd6 21. Qxh8+ Ke7 22. Bg5+ f6 23. Bxf6# 1-0

[Event "Portugal Open 2018"]
[Site "Lisboa POR"]
[Date "2018.02.04"]
[Round "4.78"]
[White "Santos, Isabel P"]
[Black "Chaerle, Josse"]
[Result "1/2-1/2"]
[WhiteElo "1739"]
[BlackElo "2011"]
[WhiteFideId "1921681"]
[BlackFideId "229920"]
[WhiteCountry "POR"]
[BlackCountry "BEL"]
[PlyCount "70"]
[EventDate "2018.??.??"]

1. d4 d5 2. c4 e6 3. Nc3 c5 4. dxc5 d4 5. Nb5 Bxc5 6. Nf3 Nc6 7. e3 dxe3 8.
Qxd8+ Kxd8 9. Bxe3 Bxe3 10. fxe3 Ke7 11. Rd1 Nf6 12. Bd3 Bd7 13. O-O Nb4 14. Nc3
Nxd3 15. Rxd3 Rhd8 16. Ne5 Be8 17. Rfd1 Rxd3 18. Rxd3 Rd8 19. Rd4 Nd7 20. Nd3
Nb8 21. Rxd8 Kxd8 22. b4 Ke7 23. Kf2 f6 24. g4 h5 25. h3 g5 26. e4 Bg6 27. Ke3
Nd7 28. a4 hxg4 29. hxg4 Be8 30. c5 a6 31. b5 Nb8 32. Nb2 axb5 33. axb5 Nd7 34.
Nd3 Nf8 35. Nb4 Nd7 1/2-1/2

[Event "Portugal Open 2018"]
[Site "Lisboa POR"]
[Date "2018.02.04"]
[Round "4.79"]
[White "Cavaleiro, Daniel"]
[Black "Larsen, Sander"]
[Result "0-1"]
[WhiteElo "2010"]
[BlackElo "1824"]
[WhiteFideId "1904663"]
[BlackFideId "227315"]
[WhiteCountry "POR"]
[BlackCountry "BEL"]
[PlyCount "54"]
[EventDate "2018.??.??"]

1. d4 Nf6 2. c4 e6 3. Nc3 Bb4 4. Qc2 O-O 5. Nf3 c5 6. a3 Bxc3+ 7. bxc3 Qa5 8.
Bd2 d6 9. e4 h6 10. e5 dxe5 11. dxe5 Nfd7 12. Qe4 f5 13. exf6 Nxf6 14. Qg6 Nc6
15. Bd3 e5 16. Be2 Bg4 17. Nh4 Ne7 18. Qc2 Bxe2 19. Kxe2 Qa6 20. Qb3 Qc6 21. Qc2
Qe6 22. g3 Qxc4+ 23. Ke1 Ne4 24. Be3 Nd5 25. Ng2 Nxe3 26. Nxe3 Rxf2 27. Nxc4
Rxc2 0-1

[Event "Portugal Open 2018"]
[Site "Lisboa POR"]
[Date "2018.02.04"]
[Round "4.80"]
[White "Rodriguez Bernal, Herman"]
[Black "Lazarevic, Dusan"]
[Result "1-0"]
[WhiteElo "1730"]
[BlackElo "1983"]
[WhiteFideId "22266186"]
[BlackFideId "978523"]
[BlackCountry "SRB"]
[PlyCount "85"]
[EventDate "2018.??.??"]

1. d4 g6 2. Bf4 Bg7 3. e3 c5 4. c3 cxd4 5. exd4 Nf6 6. h3 O-O 7. Nf3 d6 8. Bd3
Nh5 9. Bh2 e5 10. Qc2 e4 11. Bxe4 d5 12. Bd3 Re8+ 13. Kf1 Nc6 14. g4 Nf6 15. Kg2
h5 16. g5 Ne4 17. Bf4 f6 18. gxf6 Qxf6 19. Be5 Nxe5 20. dxe5 Qf4 21. Qc1 Bxe5
22. Qxf4 Bxf4 23. Na3 Bf5 24. Bc2 a6 25. Nd4 Re5 26. Rad1 Rd8 27. Nf3 Ree8 28.
Nh4 Nd6 29. Nxg6 Bxc2 30. Nxc2 Re2 31. Nd4 Rxb2 32. Nxf4 Rf8 33. Nde6 Rf6 34.
Rhg1 Nf5 35. Kf3+ Kf7 36. Rxd5 Rxe6 37. Rxf5+ Rf6 38. Rxf6+ Kxf6 39. Nxh5+ Kf5
40. Ra1 Rc2 41. Ng3+ Kg5 42. Ne2 Kh4 43. a4 1-0

[Event "Portugal Open 2018"]
[Site "Lisboa POR"]
[Date "2018.02.04"]
[Round "4.81"]
[White "Staufenberger, Bernd"]
[Black "Cordeiro, João"]
[Result "1-0"]
[WhiteElo "1981"]
[BlackElo "1807"]
[WhiteFideId "4682505"]
[BlackFideId "1935291"]
[WhiteCountry "GER"]
[BlackCountry "POR"]
[PlyCount "83"]
[EventDate "2018.??.??"]

1. e4 e5 2. Nc3 Nc6 3. Bc4 Nf6 4. d3 h6 5. f4 d6 6. Nf3 Bg4 7. h3 Bxf3 8. Qxf3
Be7 9. O-O O-O 10. Be3 Nd4 11. Bxd4 exd4 12. Ne2 c6 13. Ng3 d5 14. Bb3 Kh7 15.
Rae1 Bb4 16. Re2 Re8 17. Kh1 Qd7 18. a3 Ba5 19. Rff2 Bc7 20. Nh5 Nxh5 21. Qxh5
g6 22. Qf3 dxe4 23. dxe4 Rad8 24. Rf1 Qe7 25. e5 f6 26. e6 Qd6 27. h4 Re7 28. g3
b5 29. h5 Rg8 30. hxg6+ Rxg6 31. c3 Rgg7 32. cxd4 Qxd4 33. Rc1 Qb6 34. Rh2 c5
35. Qh5 Kg8 36. Bd5 Bd6 37. Qxh6 Rxe6 38. Qh3 Rge7 39. Qh8+ Kf7 40. Rh7+ Kg6 41.
Qg8+ Kf5 42. Rh5# 1-0

[Event "Portugal Open 2018"]
[Site "Lisboa POR"]
[Date "2018.02.04"]
[Round "4.82"]
[White "Monteiro, Sara"]
[Black "Crespo Gavilán, Abel"]
[Result "0-1"]
[WhiteElo "1712"]
[BlackElo "1978"]
[WhiteFideId "1909860"]
[BlackFideId "2215470"]
[WhiteTitle "WCM"]
[WhiteCountry "POR"]
[BlackCountry "ESP"]
[PlyCount "62"]
[EventDate "2018.??.??"]

1. d4 e6 2. Nf3 f5 3. b3 b6 4. Bb2 Nf6 5. e3 Bb7 6. Nc3 d5 7. Ne5 Bd6 8. Nb5 O-O
9. Nxd6 cxd6 10. Nd3 Nc6 11. Nf4 Re8 12. a3 e5 13. dxe5 dxe5 14. Nh5 d4 15. Bc4+
Kh8 16. O-O a6 17. Re1 dxe3 18. Nxf6 exf2+ 19. Kxf2 Qxf6 20. Qe2 Nd4 21. Bxd4
Qh4+ 22. Kf1 Qxd4 23. Rad1 Qf4+ 24. Kg1 e4 25. Rd7 Bc6 26. Rf1 Qe5 27. Rf7 b5
28. R1xf5 Qd4+ 29. Kh1 bxc4 30. Qg4 Bd7 31. Rd5 Bxg4 0-1

[Event "Portugal Open 2018"]
[Site "Lisboa POR"]
[Date "2018.02.04"]
[Round "4.83"]
[White "Eberlein, Johann"]
[Black "Leite, Marta"]
[Result "1-0"]
[WhiteElo "1978"]
[BlackElo "1784"]
[WhiteFideId "24623121"]
[BlackFideId "1904035"]
[WhiteCountry "GER"]
[BlackCountry "POR"]
[PlyCount "73"]
[EventDate "2018.??.??"]

1. Nc3 e5 2. e4 Nc6 3. f4 d6 4. Nf3 Bg4 5. Bb5 Nge7 6. O-O a6 7. Bc4 exf4 8.
Bxf7+ Kd7 9. d4 g5 10. d5 Bxf3 11. dxc6+ Nxc6 12. Qxf3 Qf6 13. Bh5 Ne5 14. Qh3+
Kd8 15. Nd5 Qg7 16. Qe6 Be7 17. Qxe7+ Qxe7 18. Nxe7 Kxe7 19. Be2 h5 20. Bd2 Rhg8
21. Bc3 Ng4 22. Bxg4 hxg4 23. Rad1 Raf8 24. e5 f3 25. exd6+ cxd6 26. Rd3 Rf7 27.
gxf3 Rgf8 28. Kg2 Rf5 29. h3 gxh3+ 30. Kxh3 b5 31. Kg3 g4 32. f4 Rg8 33. Rh1
Rgf8 34. Rh7+ Ke6 35. Rh6+ Ke7 36. Bb4 Ke8 37. Bxd6 1-0

[Event "Portugal Open 2018"]
[Site "Lisboa POR"]
[Date "2018.02.04"]
[Round "4.84"]
[White "Silva, Tiago Alexandre"]
[Black "Morais, Vítor"]
[Result "0-1"]
[WhiteElo "1716"]
[BlackElo "1977"]
[WhiteFideId "1935321"]
[BlackFideId "1900552"]
[BlackTitle "NM"]
[WhiteCountry "POR"]
[BlackCountry "POR"]
[PlyCount "114"]
[EventDate "2018.??.??"]

1. e4 c5 2. Nc3 Nc6 3. g3 g6 4. Bg2 Bg7 5. d3 d6 6. f4 e6 7. Nf3 Nge7 8. O-O O-O
9. Be3 Nd4 10. Qd2 Rb8 11. Nd1 f5 12. c3 Nxf3+ 13. Bxf3 b6 14. Nf2 d5 15. exd5
Nxd5 16. Rad1 Nxe3 17. Qxe3 Qd6 18. Rfe1 Bd7 19. Rd2 Rfe8 20. Rde2 Rbd8 21. h4
Bb5 22. Kg2 e5 23. c4 exf4 24. Qxf4 Rxe2 25. Rxe2 Qxf4 26. gxf4 Bd7 27. Bd5+ Kf8
28. Nh3 h6 29. Ng1 Re8 30. Rxe8+ Bxe8 31. b3 Ke7 32. Nf3 Kd6 33. Kg3 Bf6 34. Kh3
b5 35. Kg3 b4 36. Kh3 a5 37. Kg3 Bc3 38. Kh3 a4 39. Kg3 axb3 40. axb3 Ba4 41. h5
gxh5 42. Nh4 Be1+ 43. Kh3 Bxh4 44. Bf3 Bxb3 45. Kxh4 Bc2 46. Kxh5 b3 47. Kxh6 b2
48. Kg6 Bxd3 49. Kf6 b1=Q 50. Bd5 Qf1 51. Kg7 Bxc4 52. Bxc4 Qxc4 53. Kf8 Qxf4
54. Kf7 Qg5 55. Kf8 Qe7+ 56. Kg8 Ke6 57. Kh8 Kf6 0-1

[Event "Portugal Open 2018"]
[Site "Lisboa POR"]
[Date "2018.02.04"]
[Round "4.85"]
[White "Alshameary Puente, Daniel"]
[Black "Spínola, Sidney"]
[Result "1/2-1/2"]
[WhiteElo "1976"]
[BlackElo "1750"]
[WhiteFideId "22252096"]
[BlackFideId "1950720"]
[WhiteCountry "ESP"]
[BlackCountry "CPV"]
[PlyCount "87"]
[EventDate "2018.??.??"]

1. d4 Nf6 2. c4 c5 3. d5 b5 4. cxb5 a6 5. bxa6 Bxa6 6. Nc3 d6 7. e4 Bxf1 8. Kxf1
g6 9. Nf3 Bg7 10. g3 O-O 11. Kg2 Na6 12. Qe2 Qb6 13. a4 Nd7 14. Nb5 Nc7 15. Nxc7
Qxc7 16. Ra2 Rfb8 17. Qc2 Qb7 18. Nd2 Qb4 19. b3 Ne5 20. Bb2 Qb7 21. Bxe5 Bxe5
22. Rb1 h5 23. Nc4 Bf6 24. a5 Qb5 25. Nb6 Rxa5 26. Rxa5 Qxa5 27. Nd7 Rb7 28.
Nxf6+ exf6 29. Qc1 Qb4 30. Qf4 Kg7 31. Rd1 Qxb3 32. Rd2 Qc3 33. Ra2 Rb6 34. Ra7
Qe1 35. g4 g5 36. Qf5 Rb1 37. Rxf7+ Kxf7 38. Qe6+ Kg7 39. Qe7+ Kg6 40. gxh5+ Kh6
41. Qxf6+ Kxh5 42. Qf7+ Kh6 43. Qf6+ Kh5 44. Qf7+ 1/2-1/2

[Event "Portugal Open 2018"]
[Site "Lisboa POR"]
[Date "2018.02.04"]
[Round "4.86"]
[White "Rodrigues, Tiago Nobre"]
[Black "Fernandes, Tiago Saraiva"]
[Result "1/2-1/2"]
[WhiteElo "1683"]
[BlackElo "1969"]
[WhiteFideId "1941410"]
[BlackFideId "1920928"]
[WhiteCountry "POR"]
[BlackCountry "POR"]
[PlyCount "96"]
[EventDate "2018.??.??"]

1. d4 c5 2. d5 Nf6 3. c4 b5 4. cxb5 a6 5. Nc3 axb5 6. Nxb5 Ba6 7. Nc3 g6 8. Nf3
Bg7 9. g3 O-O 10. Qc2 d6 11. Bg2 Nbd7 12. O-O Ng4 13. Bf4 Qa5 14. Rfe1 Rfb8 15.
Bd2 Qb6 16. Rab1 c4 17. Rf1 Bb7 18. h3 Nge5 19. Nxe5 Nxe5 20. b3 cxb3 21. Rxb3
Qc7 22. Rfb1 Bc8 23. Rxb8 Rxb8 24. Rxb8 Qxb8 25. Nb5 Bd7 26. a4 Qc8 27. Qxc8+
Bxc8 28. Nc7 Nc4 29. Be1 Bd4 30. e3 Bb6 31. Nb5 Kf8 32. Bf1 Na5 33. Na3 Bd7 34.
Bxa5 Bxa5 35. Nc4 Bb4 36. a5 Bb5 37. f3 Bxc4 38. Bxc4 Bxa5 39. e4 Be1 40. Kg2
Kg7 41. f4 h5 42. h4 Kf6 43. Kf3 e5 44. dxe6 fxe6 45. Ba2 e5 46. fxe5+ dxe5 47.
Bd5 Bd2 48. Bc4 Be1 1/2-1/2

[Event "Portugal Open 2018"]
[Site "Lisboa POR"]
[Date "2018.02.04"]
[Round "4.87"]
[White "Gratze, Michael"]
[Black "Santos, José Duarte"]
[Result "1-0"]
[WhiteElo "1968"]
[BlackElo "1744"]
[WhiteFideId "1613871"]
[BlackFideId "1902318"]
[WhiteCountry "AUT"]
[BlackCountry "POR"]
[PlyCount "73"]
[EventDate "2018.??.??"]

1. e4 Nf6 2. e5 Nd5 3. d4 d6 4. Nf3 g6 5. Bc4 Nb6 6. Bb3 Bg7 7. Ng5 O-O 8. Qf3
d5 9. Nc3 c6 10. Qg3 h6 11. Nf3 a5 12. a4 Na6 13. Qh4 h5 14. h3 e6 15. Bg5 f6
16. exf6 Bxf6 17. g4 Bxg5 18. Nxg5 Qc7 19. gxh5 Rf4 20. Qg3 Rxd4 21. Qxc7 Nxc7
22. hxg6 e5 23. Nf3 Rf4 24. Nxe5 Bf5 25. O-O-O Rxf2 26. Rdf1 Rxf1+ 27. Rxf1 Bxh3
28. Rf7 Re8 29. Ne4 Re6 30. Nf6+ Rxf6 31. Rxf6 Ne8 32. Rf7 Nd6 33. Rh7 Bf5 34.
c3 Bxg6 35. Rh6 Nbc4 36. Rxg6+ Kh7 37. Re6 1-0